[Event "Begonia op 47th"]
[Site "Ballarat"]
[Date "2013.03.11"]
[Round "7"]
[White "Dale, Ari"]
[Black "Booth, Stewart"]
[Result "1-0"]
[WhiteElo "2225"]
[BlackElo "2118"]
[PlyCount "67"]
[EventDate "2013.03.09"]
[EventType "swiss"]
[EventRounds "7"]
[EventCountry "AUS"]
[SourceTitle "CBM 153 Extra"]
[Source "ChessBase"]
[SourceDate "2013.04.22"]
[SourceVersion "1"]
[SourceVersionDate "2013.04.22"]
[SourceQuality "1"]

1. d4 d5 2. c4 c6 3. Nc3 Nf6 4. e3 e6 5. Nf3 Nbd7 6. b3 Bb4 7. Bd2 Bxc3 8. Bxc3 Ne4 9. Bb2 0-0 10. Bd3 Qa5+ 11. Nd2 f5 12. f3 Nxd2 13. Qxd2 Qxd2+ 14. Kxd2 Nf6 15. Rhc1 Bd7 16. Ba3 Rf7 17. Bd6 Be8 18. c5 g5 19. b4 Bd7 20. a4 Ne8 21. Be5 h5 22. b5 Kh7 23. Rcb1 Kg6 24. a5 cxb5 25. Bxb5 Bc6 26. Bxc6 bxc6 27. a6 Nc7 28. Bxc7 Rxc7 29. Rb7 Rf7 30. Rab1 Re8 31. Rxf7 Kxf7 32. Rb6 Re7 33. Rxc6 Ke8 34. Rd6 1-0

[Event "Begonia op 45th"]
[Site "Ballarat"]
[Date "2011.03.12"]
[Round "6"]
[White "Booth, Stewart"]
[Black "Davis, Tony J"]
[Result "1-0"]
[WhiteElo "2119"]
[BlackElo "1824"]
[PlyCount "95"]
[EventDate "2011.03.12"]
[EventType "swiss"]
[EventRounds "7"]
[EventCountry "AUS"]
[SourceTitle "EXT 2019"]
[Source "ChessBase"]
[SourceDate "2018.10.10"]
[SourceVersion "1"]
[SourceVersionDate "2018.10.10"]
[SourceQuality "1"]

1. d4 d5 2. c4 c6 3. Nf3 Nf6 4. Nc3 e6 5. e3 Nbd7 6. Qc2 a6 7. Bd3 dxc4 8. Bxc4 b5 9. Bd3 c5 10. 0-0 Bb7 11. Qe2 Be7 12. a4 b4 13. Nb1 0-0 14. Nbd2 Re8 15. Nb3 Bd6 16. Rd1 Qc7 17. dxc5 Nxc5 18. Nxc5 Qxc5 19. h3 Red8 20. e4 h6 21. Be3 Qh5 22. Bb6 Rdc8 23. Rac1 Rxc1 24. Rxc1 Nd7 25. Bd4 e5 26. Be3 Nf6 27. Bd2 a5 28. Qe3 Bf8 29. Qb6 Bc8 30. Qc6 Bxh3 31. Qxa8 Bxg2 32. Kxg2 Qg4+ 33. Kf1 Qxf3 34. Be3 Ng4 35. Re1 h5 36. Bc5 Qxd3+ 37. Kg1 Qf3 38. Qxf8+ Kh7 39. Qd8 Qh3 40. Qxa5 Nh2 41. Re3 Nf3+ 42. Rxf3 Qxf3 43. Qxb4 Qd1+ 44. Kh2 Qf3 45. Qe1 h4 46. Qe3 Qg4 47. a5 Qe6 48. Qg5 1-0

[Event "Begonia op 43rd"]
[Site "Ballarat"]
[Date "2009.03.08"]
[Round "3"]
[White "Ng, Joshua"]
[Black "Booth, Stewart"]
[Result "1/2-1/2"]
[WhiteElo "1210"]
[BlackElo "2144"]
[PlyCount "64"]
[EventDate "2009.03.07"]
[EventType "swiss"]
[EventRounds "7"]
[EventCountry "AUS"]
[SourceTitle "EXT 2013"]
[Source "ChessBase"]
[SourceDate "2012.11.22"]
[SourceVersion "1"]
[SourceVersionDate "2012.11.22"]
[SourceQuality "1"]

1. d4 Nf6 2. Nf3 d5 3. Bf4 e6 4. e3 Nbd7 5. Nbd2 Be7 6. Bd3 Nh5 7. Bg3 Nxg3 8. hxg3 h6 9. Qe2 a6 10. c3 c5 11. a3 c4 12. Bc2 b5 13. e4 Bb7 14. exd5 Bxd5 15. Be4 Nf6 16. Bxd5 Qxd5 17. 0-0 Bd6 18. Rfe1 0-0 19. Ne4 Nxe4 20. Qxe4 Rfe8 21. Re2 Qxe4 22. Rxe4 f6 23. Rae1 Kf7 24. g4 Rad8 25. g3 Bc7 26. Kg2 Rd5 27. Nd2 Rdd8 28. f4 e5 29. fxe5 fxe5 30. Rf1+ Kg8 31. Rfe1 Kf7 32. Rf1+ Kg8 1/2-1/2

[Event "AUS-ch"]
[Site "Parramatta"]
[Date "2008.01.08"]
[Round "8"]
[White "Hacche, David"]
[Black "Booth, Stewart"]
[Result "1-0"]
[WhiteElo "2182"]
[BlackElo "2142"]
[PlyCount "101"]
[EventDate "2008.01.02"]
[EventType "swiss"]
[EventRounds "11"]
[EventCountry "AUS"]
[SourceTitle "CBM 122 Extra"]
[Source "ChessBase"]
[SourceDate "2008.03.04"]
[SourceVersion "1"]
[SourceVersionDate "2008.03.04"]
[SourceQuality "1"]

1. c4 Nf6 2. Nc3 e6 3. g3 d5 4. Bg2 c6 5. b3 Bd6 6. Nf3 0-0 7. 0-0 Nbd7 8. d4 a6 9. Qc2 Qe7 10. Bb2 dxc4 11. bxc4 e5 12. c5 Bc7 13. dxe5 Nxe5 14. Na4 Nxf3+ 15. Bxf3 Bh3 16. Rfd1 Rad8 17. Bc3 Rxd1+ 18. Rxd1 Rd8 19. Rb1 Nd5 20. Bd2 Be5 21. Nb2 Bd4 22. Na4 Be5 23. e4 Nf6 24. Ba5 Rd4 25. Rd1 Nd7 26. Rb1 Nf8 27. Bd2 Be6 28. Nb6 Rd8 29. Kg2 Bd4 30. Na4 Ng6 31. Ba5 Re8 32. Rd1 Be5 33. Qd2 Bc7 34. Bc3 Ne5 35. Be2 Rd8 36. Qc2 Rxd1 37. Bxd1 Qd7 38. Be2 f6 39. Bb2 Bh3+ 40. Kg1 Ba5 41. f4 Nf7 42. f5 Ne5 43. Bxe5 fxe5 44. Qc4+ Kf8 45. Qd3 Qxd3 46. Bxd3 Bb4 47. Kf2 g6 48. Kf3 gxf5 49. exf5 h5 50. Ke4 h4 51. gxh4 1-0

[Event "AUS-ch"]
[Site "Parramatta"]
[Date "2008.01.05"]
[Round "6"]
[White "Booth, Stewart"]
[Black "Oliver, Gareth"]
[Result "1/2-1/2"]
[WhiteElo "2142"]
[BlackElo "2164"]
[PlyCount "61"]
[EventDate "2008.01.02"]
[EventType "swiss"]
[EventRounds "11"]
[EventCountry "AUS"]
[SourceTitle "CBM 122 Extra"]
[Source "ChessBase"]
[SourceDate "2008.03.04"]
[SourceVersion "1"]
[SourceVersionDate "2008.03.04"]
[SourceQuality "1"]

1. d4 Nf6 2. c4 g6 3. g3 Bg7 4. Bg2 0-0 5. Nf3 d6 6. 0-0 Nc6 7. Nc3 e5 8. d5 Ne7 9. e4 c5 10. dxc6 bxc6 11. Qc2 Qc7 12. h3 Be6 13. b3 Nd7 14. Rd1 Rad8 15. Ba3 Nb8 16. Rac1 Bh6 17. Rb1 f5 18. Ne1 Na6 19. Nd3 fxe4 20. Nxe4 Nf5 21. Bb2 c5 22. g4 Nd4 23. Bxd4 exd4 24. g5 Bg7 25. f4 Rde8 26. Re1 Bf5 27. a3 Kh8 28. Kh2 Re7 29. Re2 Rfe8 30. Rbe1 Rf8 31. Qd2 1/2-1/2

[Event "AUS-ch"]
[Site "Parramatta"]
[Date "2008.01.04"]
[Round "5"]
[White "Bird, Andrew"]
[Black "Booth, Stewart"]
[Result "1/2-1/2"]
[WhiteElo "2148"]
[BlackElo "2142"]
[PlyCount "66"]
[EventDate "2008.01.02"]
[EventType "swiss"]
[EventRounds "11"]
[EventCountry "AUS"]
[SourceTitle "CBM 122 Extra"]
[Source "ChessBase"]
[SourceDate "2008.03.04"]
[SourceVersion "1"]
[SourceVersionDate "2008.03.04"]
[SourceQuality "1"]

1. d4 d5 2. Nf3 e6 3. c4 Be7 4. g3 Nf6 5. Bg2 0-0 6. 0-0 c6 7. Qc2 Re8 8. Nbd2 Nbd7 9. b3 Bd6 10. Bb2 e5 11. cxd5 cxd5 12. dxe5 Nxe5 13. Nxe5 Bxe5 14. Bxe5 Rxe5 15. Nf3 Re7 16. h3 Be6 17. Nd4 Rc8 18. Qb2 a6 19. Rac1 Rec7 20. Rxc7 Qxc7 21. Rd1 Kf8 22. Qd2 h6 23. Qe3 Ke7 24. Kh2 Qc3 25. Nf5+ Kf8 26. Qxc3 Rxc3 27. Ne3 Ke7 28. g4 Kd6 29. Rd2 Kc5 30. Nc2 a5 31. e3 b5 32. Kg3 g5 33. f3 b4 1/2-1/2

[Event "AUS-ch"]
[Site "Parramatta"]
[Date "2008.01.03"]
[Round "3"]
[White "Booth, Stewart"]
[Black "Pyke, Malcolm"]
[Result "1-0"]
[WhiteElo "2142"]
[BlackElo "2191"]
[PlyCount "91"]
[EventDate "2008.01.02"]
[EventType "swiss"]
[EventRounds "11"]
[EventCountry "AUS"]
[SourceTitle "CBM 122 Extra"]
[Source "ChessBase"]
[SourceDate "2008.03.04"]
[SourceVersion "1"]
[SourceVersionDate "2008.03.04"]
[SourceQuality "1"]

1. d4 Nf6 2. c4 e6 3. Nf3 Bb4+ 4. Bd2 Qe7 5. Qc2 Bxd2+ 6. Nbxd2 d6 7. e4 e5 8. d5 0-0 9. Be2 a5 10. 0-0 Na6 11. a3 Nh5 12. g3 g6 13. Ne1 f5 14. exf5 Bxf5 15. Qc3 a4 16. Ng2 Nf6 17. Ne3 Bd7 18. f3 Nc5 19. Rf2 b6 20. Qc2 Qg7 21. Re1 Qh6 22. Bd3 Rae8 23. Nd1 b5 24. Ne4 Nfxe4 25. Bxe4 bxc4 26. Qxc4 Rb8 27. Nc3 Rb3 28. Qe2 Rfb8 29. Qc2 Rxb2 30. Qxb2 Rxb2 31. Rxb2 Nb3 32. Rf2 Nc5 33. Bc2 Qf8 34. f4 exf4 35. Rxf4 Qg7 36. Re3 g5 37. Rb4 Qf6 38. Bd1 Bh3 39. Be2 Nb3 40. Rf3 Qh6 41. Ne4 g4 42. Rf4 Nc5 43. Nf6+ Kg7 44. Ne8+ Kg8 45. Rb8 Qg5 46. Nf6+ 1-0

[Event "AUS-ch"]
[Site "Brisbane"]
[Date "2006.01.08"]
[Round "10"]
[White "Booth, Stewart"]
[Black "Lakner, Jay"]
[Result "1-0"]
[WhiteElo "2179"]
[BlackElo "2207"]
[PlyCount "125"]
[EventDate "2005.12.28"]
[EventType "swiss"]
[EventRounds "11"]
[EventCountry "AUS"]
[SourceTitle "CBM 110 Extra"]
[Source "ChessBase"]
[SourceDate "2006.03.10"]
[SourceVersion "2"]
[SourceVersionDate "2006.03.10"]
[SourceQuality "1"]

1. d4 Nf6 2. c4 g6 3. g3 Bg7 4. Bg2 0-0 5. Nc3 c5 6. Nf3 d6 7. 0-0 Nc6 8. d5 Na5 9. Nd2 a6 10. Qc2 Rb8 11. b3 b5 12. Bb2 e5 13. dxe6 fxe6 14. Rad1 bxc4 15. bxc4 Ng4 16. Na4 Bxb2 17. Nxb2 Nxf2 18. Rde1 Ng4 19. Nd1 Bb7 20. Bh3 Qg5 21. Nf3 Qh5 22. Nf2 Ne5 23. Bxe6+ Kg7 24. g4 Qh6 25. Nxe5 dxe5 26. Qc3 Nc6 27. e3 Rf6 28. Bd5 Nd4 29. Qc1 Bxd5 30. cxd5 Nb5 31. Qxc5 Qg5 32. a4 Rbf8 33. axb5 axb5 34. d6 h5 35. d7 h4 36. Rd1 Rxf2 37. Qxf8+ Rxf8 38. Rxf8 Qxg4+ 39. Kf2 Qxd1 40. d8Q Qc2+ 41. Kg1 Qc1+ 42. Kg2 h3+ 43. Kxh3 Qxe3+ 44. Kg2 Qe2+ 45. Rf2 Qg4+ 46. Kf1 Qc4+ 47. Ke1 Qc1+ 48. Ke2 Qc2+ 49. Ke1 Qc1+ 50. Qd1 Qe3+ 51. Kf1 Qh3+ 52. Kg1 Qe6 53. Qf3 Qe7 54. Re2 Qg5+ 55. Qg3 Qc1+ 56. Re1 Qc5+ 57. Qe3 Qc6 58. Qxe5+ Kh6 59. Qe3+ Kg7 60. Qd4+ Kh6 61. Qf4+ g5 62. Qf8+ Kh5 63. Qe8+ 1-0

[Event "AUS-ch"]
[Site "Brisbane"]
[Date "2005.12.28"]
[Round "1"]
[White "Lane, Gary William"]
[Black "Booth, Stewart"]
[Result "1-0"]
[WhiteElo "2445"]
[BlackElo "2179"]
[PlyCount "76"]
[EventDate "2005.12.28"]
[EventType "swiss"]
[EventRounds "11"]
[EventCountry "AUS"]
[SourceTitle "CBM 110 Extra"]
[Source "ChessBase"]
[SourceDate "2006.03.10"]
[SourceVersion "2"]
[SourceVersionDate "2006.03.10"]
[SourceQuality "1"]

1. e4 c5 2. Nc3 d6 3. Nf3 Nf6 4. d4 cxd4 5. Nxd4 a6 6. a4 e5 7. Nf3 Qc7 8. Bg5 Nbd7 9. Nd2 b6 10. Nc4 Bb7 11. f3 Be7 12. Ne3 0-0 13. Bc4 Qc5 14. Qe2 Rfc8 15. Bb3 a5 16. Nf5 Bf8 17. Qd2 h6 18. Be3 Qb4 19. 0-0 Nc5 20. Ra3 d5 21. exd5 e4 22. Bd4 Nxd5 23. fxe4 Nxc3 24. Bxf7+ Kh7 25. Bxc3 Qxe4 26. Bd4 Rc7 27. Ba2 Ne6 28. Rd3 Nxd4 29. Nxd4 Bc5 30. c3 Kh8 31. Kh1 Ba6 32. Nb5 Re7 33. Bd5 Qxa4 34. Bxa8 Bxb5 35. Rd8+ Kh7 36. Re1 Be3 37. Qd5 Be8 38. Qf5+ Bg6 1-0

[Event "AUS-ch"]
[Site "Melbourne"]
[Date "2002.01.09"]
[Round "11"]
[White "Stirling, Nathan"]
[Black "Booth, Stewart"]
[Result "1/2-1/2"]
[WhiteElo "2141"]
[BlackElo "2181"]
[PlyCount "79"]
[EventDate "2001.12.01"]
[EventType "swiss"]
[EventRounds "11"]
[EventCountry "AUS"]
[SourceTitle "EXT 2003"]
[Source "ChessBase"]
[SourceDate "2002.11.25"]
[SourceVersion "1"]
[SourceVersionDate "2002.11.25"]
[SourceQuality "1"]

1. e4 c5 2. Nf3 d6 3. d4 cxd4 4. Nxd4 Nf6 5. Nc3 a6 6. f4 g6 7. Nf3 Bg7 8. Bd3 Nc6 9. 0-0 0-0 10. Kh1 b5 11. a3 Bb7 12. Qe1 e5 13. fxe5 dxe5 14. Bg5 h6 15. Be3 Re8 16. Nd2 Nd4 17. Rd1 Qe7 18. Ne2 Ne6 19. b4 Rad8 20. h3 Rd7 21. Ng3 Rc8 22. Nf3 Nd4 23. Qf2 Ne8 24. Nxd4 exd4 25. Bf4 Qe6 26. Rde1 Rc3 27. Bc1 Kh7 28. Ne2 Rc8 29. Ng3 Be5 30. Ne2 Ng7 31. Qh4 Nh5 32. g4 Nf6 33. Qxh6+ Kg8 34. Nf4 Qd6 35. g5 Ne8 36. Qh4 Ng7 37. Qg4 Re7 38. Re2 Rce8 39. Kg1 Ne6 40. Nxe6 1/2-1/2

[Event "Begonia op 36th"]
[Site "Ballarat"]
[Date "2002.??.??"]
[Round "5"]
[White "Booth, Stewart"]
[Black "Ali, Mosaddeque"]
[Result "1/2-1/2"]
[WhiteElo "2165"]
[BlackElo "1820"]
[PlyCount "57"]
[EventDate "2002.03.09"]
[EventType "swiss"]
[EventRounds "7"]
[EventCountry "AUS"]
[SourceTitle "EXT 2004"]
[Source "ChessBase"]
[SourceDate "2003.11.25"]
[SourceVersion "1"]
[SourceVersionDate "2003.11.25"]
[SourceQuality "1"]

1. d4 f5 2. c4 Nf6 3. g3 g6 4. Bg2 Bg7 5. Nc3 0-0 6. Nh3 e6 7. 0-0 d6 8. f4 c6 9. e3 Na6 10. Nf2 Qe8 11. b3 Rf7 12. Ba3 Rd7 13. Nd3 Ng4 14. Re1 e5 15. Nf2 Nxf2 16. Kxf2 Qd8 17. Rc1 Qb6 18. Na4 Qa5 19. d5 e4 20. Re2 Nb4 21. Bxb4 Qxb4 22. Rd2 c5 23. g4 Rd8 24. g5 Bd7 25. Qc2 a6 26. Bf1 b5 27. Nb2 Qa3 28. Nd1 b4 29. Be2 1/2-1/2

[Event "AUS-ch"]
[Site "Melbourne"]
[Date "2001.12.29"]
[Round "2"]
[White "Canfell, Gregory"]
[Black "Booth, Stewart"]
[Result "1/2-1/2"]
[WhiteElo "2284"]
[BlackElo "2181"]
[PlyCount "64"]
[EventDate "2001.12.01"]
[EventType "swiss"]
[EventRounds "11"]
[EventCountry "AUS"]
[SourceTitle "EXT 2003"]
[Source "ChessBase"]
[SourceDate "2002.11.25"]
[SourceVersion "1"]
[SourceVersionDate "2002.11.25"]
[SourceQuality "1"]

1. e4 c5 2. Nc3 Nc6 3. Nge2 g6 4. d4 cxd4 5. Nxd4 Bg7 6. Be3 d6 7. Qd2 Nf6 8. f3 0-0 9. 0-0-0 Bd7 10. h4 a6 11. h5 Nxh5 12. g4 Ng3 13. Rh2 Nxf1 14. Rxf1 Nxd4 15. Bxd4 Bxd4 16. Qxd4 f6 17. Rfh1 Rf7 18. Qd5 e6 19. Qxd6 Qf8 20. Qc7 Qb8 21. Qb6 Qa7 22. Qxa7 Rxa7 23. e5 Bc6 24. exf6 Bxf3 25. Rg1 g5 26. Rh5 Rxf6 27. Rxg5+ Kf7 28. Re5 Ra8 29. g5 Rf5 30. Re3 Rg8 31. Rg3 Bc6 32. Rh3 Rg7 1/2-1/2

[Event "Begonia op 34th"]
[Site "Ballarat"]
[Date "2000.03.12"]
[Round "4"]
[White "Booth, Stewart"]
[Black "Williams, Matt"]
[Result "1-0"]
[WhiteElo "2078"]
[BlackElo "1562"]
[PlyCount "105"]
[EventDate "2000.03.11"]
[EventType "swiss"]
[EventRounds "7"]
[EventCountry "AUS"]
[SourceTitle "EXT 2001"]
[Source "ChessBase"]
[SourceDate "2000.11.22"]
[SourceVersion "1"]
[SourceVersionDate "2000.11.22"]
[SourceQuality "1"]

1. d4 d5 2. Nf3 Nf6 3. c4 c6 4. e3 Bg4 5. Nc3 e6 6. cxd5 exd5 7. Qb3 Qb6 8. Qxb6 axb6 9. Bd3 Bd6 10. 0-0 0-0 11. Bd2 Re8 12. h3 Bh5 13. Nh4 Nbd7 14. g4 Bg6 15. Nxg6 hxg6 16. a4 Nh7 17. Kg2 Ndf6 18. f3 Bc7 19. h4 Rad8 20. b3 Nf8 21. Rh1 Ne6 22. Ne2 c5 23. Rac1 Bd6 24. Bb5 Re7 25. Rc2 Nc7 26. Bd3 Ne6 27. Rhc1 Rc8 28. a5 bxa5 29. Bxa5 Bc7 30. Bxc7 Rexc7 31. dxc5 Rxc5 32. Rxc5 Rxc5 33. Ra1 Kf8 34. Ra7 Rc7 35. b4 Ke7 36. g5 Nd7 37. f4 b6 38. Ra8 Nef8 39. Kf3 Ne6 40. Bb5 f6 41. Ra2 Rc8 42. Rd2 Nc7 43. Bc6 Ke6 44. Nc3 f5 45. Nxd5 Nxd5 46. Bxd5+ Ke7 47. e4 fxe4+ 48. Bxe4 Rf8 49. Kg4 Rc8 50. Bxg6 Rc4 51. Re2+ Kd6 52. Bf5 Nf8 53. Re8 1-0

[Event "AUS-ch"]
[Site "Mingara"]
[Date "2000.01.06"]
[Round "9"]
[White "Chapman, Mark"]
[Black "Booth, Stewart"]
[Result "1-0"]
[WhiteElo "2305"]
[BlackElo "2190"]
[PlyCount "70"]
[EventDate "1999.12.28"]
[EventType "swiss"]
[EventRounds "11"]
[EventCountry "AUS"]
[SourceTitle "CBM 074 Extra"]
[Source "ChessBase"]
[SourceDate "2000.03.10"]
[SourceVersion "2"]
[SourceVersionDate "2000.03.10"]
[SourceQuality "1"]

1. e4 c5 2. c3 Nf6 3. e5 Nd5 4. d4 cxd4 5. Nf3 e6 6. cxd4 d6 7. a3 Nc6 8. Bd3 dxe5 9. dxe5 Qc7 10. 0-0 Bd7 11. Re1 Be7 12. Qe2 h6 13. Bd2 Qb6 14. Nc3 Nxc3 15. Bxc3 a6 16. Qe4 Na7 17. Bd4 Qc7 18. Rac1 Bc6 19. Qg4 Kf8 20. Bxa7 Rxa7 21. Nd4 Qd7 22. Bc4 h5 23. Qf4 g5 24. Qe3 Ra8 25. Red1 Qe8 26. b4 Rd8 27. f4 Bd5 28. Bxd5 Rxd5 29. f5 exf5 30. Nxf5 Rxd1+ 31. Rxd1 Rg8 32. Qf3 Qc8 33. Nxe7 Kxe7 34. Qf6+ Ke8 35. e6 Qc7 1-0

[Event "AUS-ch"]
[Site "Mingara"]
[Date "2000.01.02"]
[Round "5"]
[White "Booth, Stewart"]
[Black "Ilic, Ilija"]
[Result "1/2-1/2"]
[WhiteElo "2190"]
[BlackElo "2130"]
[PlyCount "98"]
[EventDate "1999.12.28"]
[EventType "swiss"]
[EventRounds "11"]
[EventCountry "AUS"]
[SourceTitle "CBM 074 Extra"]
[Source "ChessBase"]
[SourceDate "2000.03.10"]
[SourceVersion "2"]
[SourceVersionDate "2000.03.10"]
[SourceQuality "1"]

1. d4 d6 2. c4 Nf6 3. Nf3 g6 4. g3 Bg7 5. Bg2 0-0 6. 0-0 Nc6 7. Nc3 Bf5 8. Nh4 Bd7 9. e4 e5 10. d5 Ne7 11. h3 h6 12. Be3 b6 13. Qc2 Kh7 14. Nf3 Qc8 15. Kh2 Nh5 16. Nd2 f5 17. exf5 gxf5 18. f4 exf4 19. gxf4 Ng6 20. Rae1 Qd8 21. Rf3 Nh4 22. Rf2 a6 23. Nf3 Qf6 24. Rg1 Rae8 25. Qd2 Qe7 26. Nd1 Bf6 27. Bf1 Nxf3+ 28. Rxf3 Rg8 29. Bd3 Rxg1 30. Bxg1 Bh4 31. Ne3 Ng7 32. Qc2 Qf7 33. Ng2 Bf6 34. Bf2 Rg8 35. Ne3 Bd8 36. Be1 Rf8 37. Bc3 Nh5 38. Rf1 Ng7 39. Rg1 Ne8 40. Bd4 Bh4 41. b4 a5 42. a3 axb4 43. axb4 Qh5 44. Qg2 Qf7 45. Qc2 Qh5 46. Rg4 Bf6 47. Bxf5+ Bxf5 48. Qxf5+ Qxf5 49. Nxf5 h5 1/2-1/2

[Event "AUS-ch"]
[Site "Melbourne"]
[Date "1998.01.05"]
[Round "8"]
[White "Hill, Robin"]
[Black "Booth, Stewart"]
[Result "0-1"]
[WhiteElo "2225"]
[BlackElo "2240"]
[PlyCount "100"]
[EventDate "1997.12.??"]
[EventType "swiss"]
[EventRounds "11"]
[EventCountry "AUS"]
[SourceTitle "EXT 2001"]
[Source "ChessBase"]
[SourceDate "2000.11.22"]
[SourceVersion "1"]
[SourceVersionDate "2000.11.22"]
[SourceQuality "1"]

1. d4 d5 2. c4 c6 3. Nc3 Nf6 4. Nf3 e6 5. e3 Nbd7 6. Qc2 Bd6 7. Be2 0-0 8. 0-0 Re8 9. Rd1 a6 10. e4 dxe4 11. Nxe4 Nxe4 12. Qxe4 Nf8 13. h4 Qe7 14. Bf4 Bxf4 15. Qxf4 Rd8 16. Rd2 Qd6 17. Qe4 Bd7 18. Rad1 Be8 19. Bd3 f6 20. Qg4 Bg6 21. h5 Bxd3 22. Rxd3 Rd7 23. Nh4 Rad8 24. Rf3 Qe7 25. h6 g6 26. Rfd3 Kf7 27. Nf3 Kg8 28. Qe4 Qb4 29. b3 Qd6 30. Nh2 Qe7 31. Qh4 f5 32. Qg3 e5 33. dxe5 Rxd3 34. Rxd3 Rxd3 35. Qxd3 Qxe5 36. Nf3 Qf4 37. Qd2 Qxd2 38. Nxd2 Ne6 39. b4 Kf7 40. c5 g5 41. Nc4 Kg6 42. Nd6 Nd8 43. Kf1 f4 44. Ke2 Kxh6 45. a4 Kg6 46. Kd3 Kf6 47. Kc4 Ke5 48. b5 axb5+ 49. axb5 g4 50. Nxb7 cxb5+ 0-1

[Event "AUS-ch"]
[Site "Melbourne"]
[Date "1998.01.03"]
[Round "6"]
[White "Booth, Stewart"]
[Black "Curtis, Ry"]
[Result "0-1"]
[WhiteElo "2240"]
[BlackElo "2125"]
[PlyCount "98"]
[EventDate "1997.12.??"]
[EventType "swiss"]
[EventRounds "11"]
[EventCountry "AUS"]
[SourceTitle "EXT 2001"]
[Source "ChessBase"]
[SourceDate "2000.11.22"]
[SourceVersion "1"]
[SourceVersionDate "2000.11.22"]
[SourceQuality "1"]

1. d4 Nf6 2. c4 g6 3. g3 Bg7 4. Bg2 0-0 5. Nc3 d6 6. Nf3 c5 7. d5 e5 8. 0-0 Nbd7 9. e4 a6 10. Qc2 b5 11. Nd2 Rb8 12. Re1 Ne8 13. Bf1 b4 14. Ne2 f5 15. exf5 gxf5 16. f4 Ndf6 17. Bh3 Ng4 18. Nf3 Nef6 19. Nh4 e4 20. Bxg4 Nxg4 21. h3 Nf6 22. Be3 Nh5 23. Kh2 Kh8 24. Rg1 Rg8 25. Nxf5 Bxf5 26. g4 Bd7 27. gxh5 Qh4 28. Rg3 Bf6 29. Rag1 Rxg3 30. Rxg3 Rg8 31. Rxg8+ Kxg8 32. Ng1 Qxh5 33. b3 Bf5 34. Qg2+ Kf7 35. Qe2 Qg6 36. Qf2 Qh6 37. Kg2 Qg7+ 38. Qg3 Qh6 39. Qf2 Bh4 40. Qe2 Qg6+ 41. Kf1 Qg3 42. Qh5+ Bg6 43. Qe2 Bf5 44. Qh5+ Kf6 45. Qe8 Kg7 46. Qh5 Bxh3+ 47. Nxh3 Qxh3+ 48. Ke2 Qg2+ 49. Kd1 Qf1+ 0-1

[Event "Geelong op"]
[Site "Geelong"]
[Date "1998.??.??"]
[Round "4"]
[White "Gluzman, Mikhail"]
[Black "Booth, Stewart"]
[Result "1-0"]
[WhiteElo "2435"]
[BlackElo "2240"]
[PlyCount "71"]
[EventDate "1998.07.??"]
[EventType "swiss"]
[EventRounds "6"]
[EventCountry "AUS"]
[SourceTitle "EXT 1999"]
[Source "ChessBase"]
[SourceDate "1998.11.16"]
[SourceVersion "1"]
[SourceVersionDate "1998.11.16"]
[SourceQuality "1"]

1. e4 c5 2. Nf3 d6 3. d4 cxd4 4. Nxd4 Nf6 5. Nc3 a6 6. a4 e5 7. Nb3 Be6 8. Bg5 Nc6 9. Be2 Nb4 10. Nd5 Bxd5 11. exd5 Qc7 12. c4 Ne4 13. Be3 a5 14. 0-0 b6 15. f4 Nc5 16. Nxc5 bxc5 17. fxe5 dxe5 18. Bh5 g6 19. Qf3 Ra6 20. Bg5 Bg7 21. d6 Rxd6 22. Qa8+ Rd8 23. Bxd8 Qxd8 24. Qxd8+ Kxd8 25. Rxf7 Bh6 26. Rd1+ Ke8 27. Ra7 Rf8 28. Bf3 Be3+ 29. Kh1 Bd4 30. Ra8+ Kf7 31. Rxf8+ Kxf8 32. Be4 Ke7 33. Rf1 Bxb2 34. Rf3 Bc1 35. Rh3 h6 36. Bxg6 1-0

[Event "Begonia op 31st"]
[Site "Ballarat"]
[Date "1997.03.10"]
[Round "7"]
[White "Booth, Stewart"]
[Black "Teichmann, Erik Oskar Michael"]
[Result "1-0"]
[WhiteElo "2240"]
[BlackElo "2365"]
[PlyCount "79"]
[EventDate "1997.03.08"]
[EventType "swiss"]
[EventRounds "7"]
[EventCountry "AUS"]
[SourceTitle "EXT 2019"]
[Source "ChessBase"]
[SourceDate "2018.10.10"]
[SourceVersion "1"]
[SourceVersionDate "2018.10.10"]
[SourceQuality "1"]

1. d4 Nc6 2. Nf3 d6 3. g3 Bg4 4. Bg2 e5 5. d5 Nce7 6. 0-0 Qc8 7. c4 Bh3 8. Nc3 Bxg2 9. Kxg2 Nf6 10. e4 Ng6 11. Qa4+ Nd7 12. Be3 Be7 13. b4 0-0 14. Rac1 a5 15. Ne1 axb4 16. Qxb4 Nf6 17. f3 Nh5 18. c5 dxc5 19. Bxc5 Bxc5 20. Qxc5 f5 21. Rc2 Rf7 22. Nb5 Ra5 23. Qb4 Ra6 24. d6 c6 25. Nc7 Ra7 26. Qb6 Ra4 27. Qb3 Rd4 28. Ne6 Rxd6 29. Ng5 Rdf6 30. Nd3 fxe4 31. Nxf7 exd3 32. Nxe5+ Kh8 33. Nxd3 Qf5 34. Re2 h6 35. Re8+ Nf8 36. Re5 Qg6 37. Qxb7 Qxd3 38. Rxh5 Ne6 39. Qb8+ Kh7 40. Qb1 1-0